Statistiques concernant Chanteur(se)s Britanniques

Cliquez ici pour prendre le quiz!

Statistiques générales

  • Ce quiz a été pris 51 fois
  • Le résultat moyen est 9 sur 16

Statistiques - réponses

Réponse% Correct
Freddie Mercury
96%
Elton John
94%
John Lennon
94%
Adele
92%
Amy Winehouse
88%
Dua Lipa
71%
Mick Jagger
65%
George Michael
63%
Chris Martin
47%
Liam Gallagher
35%
Noel Gallagher
35%
Kate Bush
24%
Brian Molko
16%
Damon Albarn
16%
Thom Yorke
14%
Sade Adu
10%

Distribution des résultats

Percentile par nombre de réponses

% des personnes avec chaque résultat

Votre développement - résultats

Vous n’avez pas pris ce quiz